Statistics for Best Warriors In Game of Thrones (HBO)

Click here to take the quiz!

General Stats

  • This quiz has been taken 159 times
  • The average score is 7 of 12

Answer Stats

#Answer% Correct
9Jon Snow
88%
6Jaime Lannister
83%
3Gregor Clegane
82%
4Sandor Clegane
81%
11Brienne of Tarth
72%
1Barristan Selmy
61%
7Oberyn Martell
55%
10Arya Stark
54%
2Arthur Dayne
46%
12Khal Drogo
36%
8Syrio Forel
17%
5Qhorin Halfhand
6%

Score Distribution

Percentile by Number Answered

Percent of People with Each Score

Your Score History

You have not taken this quiz